The dynamics of growth: the foundation and development of the Salesians in England

Guardado en:
Detalles Bibliográficos
Autor principal: Dickson, William John (Autor)
Formato: Libro
Lenguaje:inglés
Publicado: Roma LAS 1991
Colección:Studi, 8
Materias:
Etiquetas: Agregar Etiqueta
Sin Etiquetas, Sea el primero en etiquetar este registro!

MARC

LEADER 00000nam a2200000 a 4500
001 UCM0108
003 CL-VaPUC
008 020108e19910000IT |||||||||||||||||eng|d
082 0 4 |a 274.2  |b DIC  |2 21 
100 0 |a Dickson, William John  |e author  |9 466774 
245 1 4 |a The dynamics of growth: the foundation and development of the Salesians in England 
300 |a 282 p 
942 |c BK 
945 |d 20020108 00:00:00  |a crobeson 
260 |a Roma  |b LAS  |c 1991 
650 7 |a HISTORIA ECLESIASTICA - 1889-1930  |2 CL-VaPUC  |9 466775 
650 7 |a SALESIANOS - HISTORIA  |2 CL-VaPUC  |9 257343 
650 7 |a CONGREGACIONES RELIGIOSAS  |2 CL-VaPUC  |9 398089 
651 0 |a Inglaterra  |9 255158 
583 |a last modification  |c 20020108 00:00:00  |k Rodrigo Vera 
490 0 |a Studi, 8 
999 |c 299162  |d 299160 
952 |0 0  |1 0  |4 0  |6 274_200000000000000_DIC_1991  |7 0  |8 A  |9 355365  |a BIBTEO  |b BIBTEO  |d 2019-11-21  |i 3787958  |o 274.2 DIC 1991  |p 3787958  |r 2025-01-17  |w 2019-11-21  |y BK  |k ICR